LEADER 00599naa a2200145 i 4500 001 000000319986 003 CaOOAMICUS 005 20180831173317.0 008 180831n it u000 u ita u 013 $a29838 040 $aSeMil$bita 245 14$aUna nuova tomba di guerriero scoperta a Sesto Calende. 650 4$aSesto Calende.$0(OLS)http://semarc/subject/11536 773 0 $aSocietà Archeologica Comense $tRaccolta di scritti in onore di Antonio Giussani.$dComo : Emo Cavalleri, 1944.$gp.1-56$w()38811 996 $6245$aUna nuova tomba di guerriero scoperta a Sesto Calende$9(OLS)http://semarc/title/393700 LEADER 01657nam a2200361 i 4500 001 000000113756 003 CaOOAMICUS 005 20080625000000.0 008 080625s2002 it u000 u ita u 013 $a86442 020 $a88-8272-109-4 040 $aSeMil$bita 100 1 $aGratry, Alphonse,$d<1805-1872>.$0(OLS)http://semarc/name/7336 240 13$aLa philosophie du credo.$0(OLS)http://semarc/title/166146 245 13$aLa filosofia del Credo /$cAlfonso Gratry ; introduzione di Luigi Negri ; prefazione di Luigi Giussani ; [traduz. di Margherita Angeli]. 260 $aSiena :$bCantagalli,$c2002. 300 $a227 p. ;$c18 cm. 490 0 $aI classici cristiani ;$v297 490 0 $aI classici cristiani. Nuova serie ;$v5 500 $aDono del Card. Dionigi Tettamanzi. 650 4$aSimboli di fede - Commenti.$0(OLS)http://semarc/subject/2078 700 1 $aAngeli, Margherita.$0(OLS)http://semarc/name/47595 700 1 $aNegri, Luigi,$c.$0(OLS)http://semarc/name/10368 700 1 $aGiussani, Luigi,$c.$0(OLS)http://semarc/name/1272 830 2$aI classici cristiani ;$v297.$0(OLS)http://semarc/title/386 830 2$aI classici cristiani. Nuova serie ;$v5.$0(OLS)http://semarc/title/11799 850 $aSeMil 852 $aSeMil$W1$xVenegono$y1$m2P I 611$j69411$B69411$CSeMilBibl$Z2$F85415 $81 941 1 $a5 961 $aOmaggio: Tettamanzi Card. Dionigi 996 $6020$a88-8272-109-4$9(OLS)http://semarc/number/96849 996 $6245$aLa filosofia del Credo$9(OLS)http://semarc/title/166145 996 $6260$aSiena :$bCantagalli$9(OLS)http://semarc/publisher/29767 LEADER 02141nam a2200397 i 4500 001 000000068677 003 CaOOAMICUS 005 20080725000000.0 008 080725s1998 it u000 u ita u 013 $a39849 020 $a88-01-00658-8 040 $aSeMil$bita 100 1 $aPontificia Commissione Biblica.$0(OLS)http://semarc/name/24148 245 12$aL'interpretazione della Bibbia nella Chiesa /$cPontificia Commissione Biblica ; commento a cura di Giuseppe Ghiberti e Francesco Mosetto. 260 $aLeumann (TO) :$bElle Di Ci,$c1998. 300 $a387 p. ;$c22 cm. 490 0 $aPercorsi e traguardi biblici 650 4$aBibbia - Interpretazione.$0(OLS)http://semarc/subject/1295 700 1 $aMosetto, Francesco,$d<1938- >.$0(OLS)http://semarc/name/34296 700 1 $aGhiberti, Giuseppe <1934- >.$0(OLS)http://semarc/name/15966 774 0 $aGhiberti, Giuseppe <1934- >$tMetodo storico-critico.$w()298813 774 0 $aPitta, Antonio $tNuovi metodi di analisi letteraria.$w()298814 774 0 $aMosetto, Francesco <1938- >$tApprocci basati sulla tradizione.$w()298815 774 0 $aPesce, Mauro <1941- >$tApproccio secondo le scienze umane.$w()298816 774 0 $aSegalla, Giuseppe <1932-2011>$tApprocci contestuali.$w()298817 774 0 $aFabris, Rinaldo $tLettura fondamentalista.$w()298818 774 0 $aVignolo, Roberto , <1946- >$tQuestioni di ermeneutica.$w()298819 774 0 $aLambiasi, Francesco $tDimensioni caratteristiche dell'interpretazione cattolica.$w()298820 774 0 $aLaconi, Mauro $tInterpretazione della Bibbia nella vita della Chiesa.$w()298821 830 0$aPercorsi e traguardi biblici.$0(OLS)http://semarc/title/575 850 $aSeMil 852 $aSeMil$W1$xVenegono$y1$m2V III 56$j269300$B34830$CSeMilBibl$Z2$F34833 $81 961 $aAcquisto: Casa editrice 996 $6020$a88-01-00658-8$9(OLS)http://semarc/number/46914 996 $6245$aL'interpretazione della Bibbia nella Chiesa$9(OLS)http://semarc/title/109759 996 $6260$aLeumann (TO) :$bElle Di Ci$9(OLS)http://semarc/publisher/29654